Pozitívne opatrenia zamerané na rodovú rovnosť v kontexte európskeho práva
Zásada rovného zaobchádzania medzi mužmi a ženami a pozitívne opatrenia v európskom práve. Pojmy rovnosť a pozitívne opatrenie. Zásada rovného zaobchádzania medzi mužmi a ženami a pozitívne opatrenia v slovenskom práve.
Salvato in:
| Autore principale: | |
|---|---|
| Natura: | Capitolo di libro |
| Lingua: | slovacco |
| Soggetti: | |
| Tags: |
Nessun Tag, puoi essere il primo ad aggiungerne!!
|
MARC
| LEADER | 00000naa a2200000 4500 | ||
|---|---|---|---|
| 001 | 0156651 | ||
| 005 | 20231208095732.0 | ||
| 041 | 0 | |a slo | |
| 044 | |a SK | ||
| 245 | 1 | 0 | |a Pozitívne opatrenia zamerané na rodovú rovnosť v kontexte európskeho práva |c Zuzana Magurová |
| 520 | |a Zásada rovného zaobchádzania medzi mužmi a ženami a pozitívne opatrenia v európskom práve. Pojmy rovnosť a pozitívne opatrenie. Zásada rovného zaobchádzania medzi mužmi a ženami a pozitívne opatrenia v slovenskom práve. | ||
| 610 | 2 | 0 | |a rovnosť rodová |
| 610 | 2 | 0 | |a vzťahy genderové |
| 610 | 2 | 0 | |a práva ľudské |
| 610 | 2 | 0 | |a ženy |
| 610 | 2 | 0 | |a legislatíva |
| 610 | 2 | 0 | |a Slovensko |
| 610 | 2 | 0 | |a právo európske |
| 100 | 1 | |a Magurová, Zuzana | |